00534nam a2200193 u 450000100070000000500170000700800410002403500110006503500210007604000130009704100080011008200080011810000390012624500420016526000730020730000180028065000280029865000140032667451520260506091541.0010715s1986 spa  a674515 a(OCoLC)777798170 ccomduadb aspa 4a92910aMesa Villegas, Adalberto4auteaut10aEpiscopologio de familias antioquenas aMedellín :bAcademia Colombiana de Historia Eclesiastica,c[1986]. a116 páginas aAntioquia - Genealogias aApellidos